000 00311nam a22001337a 4500
008 170616b xxu||||| |||| 00| 0 eng d
020 _a0521099390
041 _aeng
080 _a32
100 _a20
101 _aSHP
245 _aTHE LABOUR PARTY AND THE STRUGGLE FOR SOCIALISM
_cCOATES,D
942 _2udc
_cBK
999 _c17683
_d17683